000 01378nam0a2200313 4500
001 RU\NLR\b_ik\184846
005 20260406075738.0
010 _a978-5-7853-1332-3
035 _a(NLR Aleph) 002257365
090 _a3771532
_c3771532
100 _a20100721d2010 |||y0rusy50 ca
101 0 _aeng
102 _aRU
105 _aach |||||||||
200 1 _aThe art we cannot afford to lose!
_eRussian folk arts and crafts: heyday, decline and future revival
_fYu.M. Luzhkov, S.M. Linovich
210 _aMoscow
_cMoskovskie uchebniki
_d2010
215 _a191 c.
_cил., цв. ил., факс., портр.
_d22x29
320 _aБиблиогр.: с. 191
541 0 _aМы не можем себе позволить потерять искусства: Россия народных искусств и ремесел:расцвет,упадок и возрождение в будущем
_zrus
606 1 _aДекоративно-прикладное искусство русское
_92582892
_3RU\NLR\AUTH\661526795
686 1 _aЩ123(2Р=Рус)
686 1 _aТ52(2=Р)-7
700 1 _4340
_8rus
_7ba
_aLužkov
_bJ. M.
_f1936-2019
_gJurij Michajlovič
_3RU\NLR\AUTH\770179775
_9179724
701 1 _aLinovič
_bS. M.
_gSemen Matveevič
_4070
801 0 _aRU
_bNLR
_c20100721
_gRCR
942 _cBOOK
980 _aNB